000
00460nam a2200133Ia 4500
008
100328s9999 xx 000 0 und d
082
_b
31777
100
_a
वरेरकर भार्गवराम विठ्ठल
245
_a
माझा नाटकी संसार
260
_b
वसंत सराफ
630
_a
माझा नाटकी संसार
730
_a
माझा नाटकी संसार
942
_c
BOOK
999
_c
522601
_d
522598